Science Politique, Les régimes politiques : Auteurs - Statistiques

Statistiques générales
  • Ce quiz a été pris 39 fois
  • Le résultat moyen est 3 sur 27
Statistiques - réponses
Hint Réponse % Correct
Philosophe politique, auteur de "De l'esprit des lois" (1748), qui théorise la séparation des pouvoirs. Montesquieu
79%
Auteure de "Les origines du totalitarisme". Hannah Arendt
50%
Sociologue, mentionné dans le contexte de la professionnalisation de la politique dans "Le Savant et le Politique". Max Weber
42%
Citation sur la démocratie : « Le peuple par le peuple pour le peuple. » Abraham Lincoln
29%
Auteur de "Principes du gouvernement représentatif" (1995), qui analyse la démocratie représentative. Bernard Manin
29%
Auteur de "Le Sens caché" et de "La Démocratie représentative", qui discute du système électoral et des partis politiques. Daniel Gaxie
25%
Auteur de "Sur la télévision". Pierre Bourdieu
25%
Philosophe, qui soutient que le tirage au sort est plus démocratique que l'élection. Jean-Jacques Rousseau
17%
Philosophe, auteur de "L'Espace public", qui critique l'espace public bourgeois et son élitisme. Jürgen Habermas
8%
Auteur de "La religion fasciste, La sacralisation politique dans l’Italie fasciste". Emilio Gentile
4%
Auteur de "L’État SS". Eugen Kogon
4%
Auteur de "Hitler, essai sur le charisme en politique". Ian Kershaw
4%
Auteure de "La communication politique" (en mentionnant l'effet de cadrage). Jacques Gestli
4%
Auteur de "Un homme, une voix, Histoire du Suffrage universel", qui discute du marché électoral. Michel Offerlé
4%
Leader politique espagnol, associé au mouvement des indignados et au parti Podemos. Pablo Iglesias
4%
Auteur de "Démocratie et totalitarisme". Raymon Aron
4%
Mentionnée dans le contexte de l'abstention électorale et de la démocratie. Céline Braconnier
0%
Auteur de "La Mésentente", dans lequel il soutient que la démocratie est le seul régime qui institutionnalise le dissensus. Jacques Rancière
0%
Auteur de "La propagande politique". Jean-Marie Domenach
0%
Ils abordent la question de la résistance et de l'organisation dans un régime totalitaire. Jean-Yves Dormagen et Daniel Mouchard
0%
Auteur de "Régimes totalitaires et autoritaires", qui parle des régimes autoritaires et de leur nature oligarchique. Juan Linz
0%
Auteurs de "Totalitarian dictatorship and Autocracy", qui identifient six critères du totalitarisme. Karl Friedrich et Zbigniew Brezinski
0%
Auteur de "La parole manipulée". Philippe Breton
0%
Auteur de "Mythes et mythologies politiques". Raoul Girardet
0%
Auteur de "Le désenchantement de l'internet". Romain Badouard
0%
Auteur de "Le viol des masses par la propagande politique". Serge Tchakhotine
0%
Auteur du "Livre noir du communisme". Stéphane Courtois
0%
Aucun quiz correspondant
Distribution des résultats
% des personnes avec chaque résultat
Percentile par nombre de réponses
Votre historique - résultats
Vous n’avez pas pris ce quiz